Loading...
| Social Science | 0 | 4 | 0 | 3 | 40 | 76 | 113.50 | 1 | 4 |
| Science - Chemistry | 0 | 4 | 0 | 0 | 40 | 78 | 91.75 | 0 | 4 |
| Science - Biology | 0 | 4 | 1 | 0 | 35 | 53 | 95.50 | 1 | 3 |
| Literature - World Literature | 1 | 0 | 0 | 0 | 15 | 44 | 44.00 | 1 | 1 |
| Fine Arts - Visual Fine Arts | 1 | 0 | 0 | 0 | 15 | 63 | 63.00 | 0 | 1 |
| History - Other History | 0 | 1 | 0 | 0 | 10 | 109 | 109.00 | 0 | 0 |
| Literature - American Literature | 0 | 1 | 0 | 0 | 10 | 102 | 102.00 | 1 | 1 |
| Philosophy | 0 | 1 | 0 | 0 | 10 | 99 | 99.00 | 0 | 1 |
| Literature - British Literature | 0 | 1 | 0 | 1 | 10 | 147 | 147.00 | 0 | 0 |
| History - European History | 0 | 1 | 0 | 1 | 10 | 124 | 124.00 | 0 | 1 |
| Science - Other Science | 0 | 1 | 0 | 0 | 10 | 105 | 105.00 | 0 | 1 |
| History - American History | 0 | 0 | 1 | 0 | -5 | 0.00 | 0 | 0 |